000 00795nam a22002417a 4500
001 3404
003 FISKH
005 20240304151534.0
008 240301b cb ||||| |||| 00| 0 eng d
040 _aFISK
_beng
_cFISK
_dFISK
050 _aPZ7.H6524
082 _a303
100 _aHobbs Will :
_d1947-
245 _aGo big or go home /
_cWill Hobbs
260 _aNew York :
_bScholastic,
_c2009
300 _a185 pages :
_c20 cm
505 _aM
520 _aFourteen-year-old Brady and his cousin Quinn love extreme sports, but nothing could prepare them for the aftermath of Brady's close encounter with a meteorite after it crashes into his Black Hills, South Dakota, bedroom.
521 8 _a700
_bLexile
700 _aWill Hobbs
942 _2ddc
_cBK
_n0
999 _c3404
_d3404